000 00368nam a22001457a 4500
005 20170807125119.0
008 170807b xxu||||| |||| 00| 0 eng d
040 _cPK-LaUMT
082 _aZIAC 297
_bMAR-I
100 _aMariam Jameela
245 _aIslam/
_cMariam Jameela
260 _aلاہور؛
_bمکتبہ یوسفیہ،
_c1969
300 _a400 ص
942 _cBK
999 _c96619
_d96619